Work hard and you shall be rewarded : urban folklore from the paperwork empire /

Bibliographic Details
Main Author: Dundes, Alan
Other Authors: Pagter, Carl R., 1934-
Format: Book
Language:English
Published: Bloomington : Indiana University Press, 1978
Series:Memoirs of the American Folklore Society ; v. 62.
Subjects:

MARC

Tag First Indicator Second Indicator Subfields
LEADER 00000pam a2200000 i 4500
001 in00000613593
005 20151015050245.0
008 771130r1978 inua b 00010 eng
010 |a  77074429  
020 |a 0253202078 
035 |a (OCoLC)03516422 
035 |9 ACS8803AM 
040 |a DLC  |c DLC  |d TXA  |d UtOrBLW 
043 |a n-us--- 
049 |a TXAM  |c [1539093] 
050 0 0 |a GR105  |b .D86 1978 
082 0 |a 817/.5/408 
090 |a GR1  |b .A5 v.62, 1978 
100 1 |a Dundes, Alan. 
240 1 0 |a Urban folklore from the paperwork empire 
245 1 0 |a Work hard and you shall be rewarded :  |b urban folklore from the paperwork empire /  |c Alan Dundes & Carl R. Pagter. 
264 1 |a Bloomington :  |b Indiana University Press,  |c 1978 
264 4 |c ©1975 
300 |a xx, 223 pages :  |b illustrations ;  |c 23 cm. 
336 |a text  |b txt  |2 rdacontent 
337 |a unmediated  |b n  |2 rdamedia 
338 |a volume  |b nc  |2 rdacarrier 
500 |a Originally published under title: Urban folklore from the paperwork empire. 
500 |a Reprint of the edition published by the American Folklore Society, Austin, Tex., which was issued as volume 62 of Publications of the American Folklore Society, Memoir series. 
504 |a Includes bibliographical references. 
650 0 |a Folklore  |z United States. 
650 0 |a American wit and humor. 
651 0 |a United States  |x Social life and customs  |y 1971- 
700 1 |a Pagter, Carl R.,  |d 1934- 
830 0 |a Memoirs of the American Folklore Society ;  |v v. 62. 
999 |a MARS 
999 f f |s d28fd46e-3b3e-30d1-b010-51017f1350bc  |i 698c23d8-d389-3a5d-8a86-8bc5fd83015d  |t 0 
952 f f |p normal  |a Texas A&M University  |b College Station  |c Sterling C. Evans Library  |d Evans: Library Stacks  |t 0  |e GR1 .A5 v.62, 1978  |h Library of Congress classification  |i unmediated -- volume  |m A14802439472 
998 f f |a GR1 .A5 v.62, 1978  |t 0  |l Evans: Library Stacks